Love Runs Out Lyrics - Statistics

General Stats
  • This quiz has been taken 41 times
  • The average score is 41 of 51
Answer Stats
Lyrics % Correct
'Til the {love} runs out...
100%
'Til the {love} runs out, 'Til the {love} runs out.
100%
'Til the {love} runs out, 'Til the {love} runs out.
100%
'Til the {love} runs out, 'Til the {love} runs out.
100%
'Til the {love} runs out, 'Til the {love} runs out.
100%
'Til the {love} runs out, 'Til the {love} runs out.
100%
'Til the {love} runs out, 'Til the {love} runs out.
100%
'Til the {love} runs out, 'Til the {love} runs out,
100%
'Til the {love} runs out, 'Til the {love} runs out.
100%
'Til the {love} runs out, 'Til the {love} runs out.
100%
Til the {love} runs out, 'til the {love} runs out, yeah.
100%
Ooh, we all {run} for something.
93%
And we'll start a {fire}, and we'll shut it down,
89%
And we'll start a {fire}, and we'll shut it down,
89%
And we'll start a {fire}, and we'll shut it down,
89%
And we'll start a {fire}, and we'll shut it down,
89%
I got my {mind} made up, man I can't let go,
89%
I got my {mind} made up, man I can't let go,
89%
I got my {mind} made up, man I can't let go,
89%
And I feel {alright} and we'll feel {alright},
86%
And I feel {alright} and we'll feel {alright},
86%
And I feel {alright} and we'll feel {alright},
86%
'Cause we'll {work} it out, yeah we'll {work} it out,
86%
'Cause we'll {work} it out, yeah we'll {work} it out,
86%
'Cause we'll {work} it out, yeah we'll {work} it out.
86%
I'll be doin' this, if you ever {doubt},
82%
I'll be doin' this, if you ever {doubt},
82%
I'll be {running}, I'll be {running},
82%
I'll be {running}, I'll be {running},
82%
I'll be {running}, I'll be {running},
82%
Ooh, we all want the {same} thing.
82%
My momma raised me {good}, momma raised me right,
79%
I'll be your {light}, your {match}, your burning {sun},
75%
I'll be your {light}, your {match}, your burning {sun},
75%
I'll be your {light}, your {match}, your burning {sun},
75%
I'm killing every {second} 'til it sees my {soul}.
75%
I'm killing every {second} 'til it sees my {soul}.
75%
I'm killing every {second} 'til it sees my {soul}.
75%
For love, for {hate},
71%
And I'm saying them, cause I'm so {devout},
64%
For {diamonds}, and dust.
64%
For gold, and {rust},
64%
Got an angel on my {shoulder}, and Mephistopheles.
64%
Oh for {God}, for fate,
64%
Momma said "do what you want, say {prayers} at night",
57%
There's a {maniac} out in front of me,
57%
I'll be the {bright}, and black, that's making you {run},
50%
I'll be the {bright}, and black, that's making you {run}...
50%
I'll be the {bright}, and black, that's making you {run},
50%
I'll be your fifty thousand {clapping} like one,
43%
I'll be your {ghost}, your {game}, your {stadium},
43%
No matching quizzes found
Score Distribution
Percent of People with Each Score
Percentile by Number Answered
Your Score History
You have not taken this quiz